000 00255nam a22001217a 4500
003 SGT
082 _a157.9
_bI14R
100 _aRODD, BETTY
245 _aINTRODUCING PSYCHOPATHOLOGY
260 _aANGELES
_bSAGE
_c2014
300 _a190
942 _2ddc
_cBK
999 _c15045
_d15045